<?xml version="1.0" encoding="UTF-8"?>
<collection xmlns="http://www.loc.gov/MARC21/slim">
 <record>
  <leader>00943nam a2200205   4500</leader>
  <controlfield tag="001">1/17551</controlfield>
  <controlfield tag="008">010710s2001    gr d     b    000 0 gre d</controlfield>
  <datafield tag="020" ind1=" " ind2=" ">
   <subfield code="a">9607510747</subfield>
  </datafield>
  <datafield tag="035" ind1=" " ind2=" ">
   <subfield code="l">18075</subfield>
  </datafield>
  <datafield tag="040" ind1=" " ind2=" ">
   <subfield code="a">GR-PeUP</subfield>
  </datafield>
  <datafield tag="082" ind1="0" ind2="0">
   <subfield code="a">333.33 ZE</subfield>
  </datafield>
  <datafield tag="100" ind1="1" ind2=" ">
   <subfield code="a">Ζεντέλης, Παναγιώτης.</subfield>
  </datafield>
  <datafield tag="245" ind1="1" ind2="0">
   <subfield code="a">Real estate :</subfield>
   <subfield code="b">αξία, εκτιμήσεις, ανάπτυξη, επενδύσεις, διαχείριση /</subfield>
   <subfield code="c">Παναγιώτης Ζεντέλης</subfield>
  </datafield>
  <datafield tag="260" ind1=" " ind2=" ">
   <subfield code="a">Αθήνα :</subfield>
   <subfield code="b">Παπασωτηρίου,</subfield>
   <subfield code="c">2001</subfield>
  </datafield>
  <datafield tag="300" ind1=" " ind2=" ">
   <subfield code="a">xviii, 272 σ. :</subfield>
   <subfield code="b">διαγρ. ;</subfield>
   <subfield code="c">24 εκ.</subfield>
  </datafield>
  <datafield tag="500" ind1=" " ind2=" ">
   <subfield code="a">Περιέχει βιβλιογραφία</subfield>
  </datafield>
  <datafield tag="650" ind1=" " ind2="4">
   <subfield code="a">Αξία και τιμή γης.</subfield>
  </datafield>
  <datafield tag="852" ind1=" " ind2=" ">
   <subfield code="a">INST</subfield>
   <subfield code="b">UNIPILB</subfield>
   <subfield code="c">MAIN</subfield>
   <subfield code="e">20040709</subfield>
   <subfield code="h">333.33 ZE</subfield>
   <subfield code="p">00136664</subfield>
   <subfield code="q">00136664</subfield>
   <subfield code="t">LOAN</subfield>
   <subfield code="y">0</subfield>
   <subfield code="4">1</subfield>
  </datafield>
  <datafield tag="852" ind1=" " ind2=" ">
   <subfield code="a">INST</subfield>
   <subfield code="b">UNIPILB</subfield>
   <subfield code="c">MAIN</subfield>
   <subfield code="e">20040709</subfield>
   <subfield code="h">333.33 ZE</subfield>
   <subfield code="p">00136665</subfield>
   <subfield code="q">00136665</subfield>
   <subfield code="t">LOAN</subfield>
   <subfield code="y">0</subfield>
   <subfield code="4">2</subfield>
  </datafield>
  <datafield tag="852" ind1=" " ind2=" ">
   <subfield code="a">INST</subfield>
   <subfield code="b">UNIPILB</subfield>
   <subfield code="c">MAIN</subfield>
   <subfield code="e">20040709</subfield>
   <subfield code="h">333.33 ZE</subfield>
   <subfield code="p">00136666</subfield>
   <subfield code="q">00136666</subfield>
   <subfield code="t">LOAN</subfield>
   <subfield code="y">0</subfield>
   <subfield code="4">3</subfield>
  </datafield>
 </record>
</collection>
